00825nam 2200241u 4500001000800000005001700008008004100025035002100066906004500087010001700132040001900149050002300168245002400191260005400215300002100269650004700290650004300337700003800380830003700418830005100455991004600506099003100552905908900000000000000.0851209s1979 xx 000 0 eng  9(DLC) 79770606 a0bcbccpremunvduencipf19gy-gencatlg a 79770606  aDLCcCarPdDLC00aM1b.M8772 vol. 8400aCharlie Christian.  aNew York : Consolidated Music Publishers,cc1979. a70 p.b;c31 cm. 0aGuitar music, Arranged. [from old catalog] 0aGuitar music (Jazz) [from old catalog]1 aAyeroff, Stan. [from old catalog] 0aJazz masters. [from old catalog] 0aMusic for millions ; v. 84. [from old catalog] bc-MusichM1i.M8772 vol. 84tCopy 1wPREM aayeroff-charlie-1071955402